Second report on poverty in Kenya. (Record no. 366)
[ view plain ]
| 000 -LEADER | |
|---|---|
| fixed length control field | 00559cam a2200133 a 4500 |
| 050 00 - LIBRARY OF CONGRESS CALL NUMBER | |
| Classification number | HC865.Z9 |
| Item number | P627 2000 |
| 245 00 - TITLE STATEMENT | |
| Title | Second report on poverty in Kenya : |
| Remainder of title | incidence and depth of poverty |
| 260 ## - PUBLICATION, DISTRIBUTION, ETC. (IMPRINT) | |
| Place of publication, distribution, etc. | [Nairobi] : |
| Name of publisher, distributor, etc. | Ministry of Finance and Planning, |
| Date of publication, distribution, etc. | [2000] |
| 300 ## - PHYSICAL DESCRIPTION | |
| Extent | 48pgs. |
| 500 ## - GENERAL NOTE | |
| General note | "June 2000"--Vol. 1, t.p. |
| 500 ## - GENERAL NOTE | |
| General note | "A report prepared jointly by the Central Bureau of Statistics and the Human Resources and Social Services Departments [sic], with the assistance of GTZ Social Policy Advisory Services." |
| 650 #0 - SUBJECT ADDED ENTRY--TOPICAL TERM | |
| Form subdivision | Statistics. |
| 942 ## - ADDED ENTRY ELEMENTS (KOHA) | |
| Koha item type | General circulation |
| Withdrawn status | Lost status | Source of classification or shelving scheme | Damaged status | Not for loan | Home library | Current library | Shelving location | Date acquired | Total Checkouts | Full call number | Barcode | Date last seen | Koha item type |
|---|---|---|---|---|---|---|---|---|---|---|---|---|---|
| Library of Congress Classification | Kitui Town Campus Library | Kitui Town Campus Library | General Stacks | 14/05/2014 | HC 865 .Z9 P6 V.1 | 2017/020061 | 14/05/2014 | General circulation | |||||
| Library of Congress Classification | Main Campus Library | Main Campus Library | General Stacks | 14/05/2014 | HC 865 .Z9 P6 V.1 | 2017/020062 | 14/05/2014 | General circulation |